000 00902caa a2200205 4500
999 _c458406
_d458406
001 5148669
003 UA-OsUOA
005 20200303154646.0
008 200303b un ||||| |||| 00| 0 ukr d
040 _aUA-OsUOA
_bukr
_cUA-OsUOA
_dUA-OsUOA
041 _aukr
080 _a908
090 _a908
100 _aОзимковський В.
245 _aОстрозький народний театр: одна сторінка творчого життєпису (до тридцятиріччя прем’єри вистави за історичною п’єсою В. Баталова "Смолоскипи запалюють опівдні")
_cВ. Озимковський
300 _aС. 272–275
650 _2UDC
773 0 _0399317
_9416565
_dОстрог НаУОА 2013
_o148880
_tОстрозький краєзнавчий збірник
_w(UA-OsUOA) 113460
942 _2udc
_cBKA